Statistics for Top 15 Countries with Covid-19 Deaths - 13 May 2021

Click here to take the quiz!

General Stats

  • This quiz has been taken 11 times
  • The average score is 16 of 24

Answer Stats

country% Correct
Italy
100%
United States
100%
France
91%
United Kingdom
91%
Brazil
82%
Germany
82%
India
82%
Mexico
82%
Spain
82%
Colombia
73%
Czechia
64%
Iran
64%
Poland
64%
Russia
64%
Slovakia
64%
Slovenia
64%
Argentina
55%
Croatia
55%
Hungary
55%
Peru
55%
Belgium
45%
Bosnia and
Herzegovina
45%
Bulgaria
45%
North Macedonia
18%

Score Distribution

Percentile by Number Answered

Percent of People with Each Score

Your Score History

You have not taken this quiz